| 000 | 00912nam a2200169Ia 4500 | ||
|---|---|---|---|
| 008 | 220216s9999 xx 000 0 und d | ||
| 100 | _aPond T J | ||
| 245 | 0 | _aCavitation in bonded natural rubber cylinders repeatedly loaded in tension | |
| 260 |
_bJournal of Natural Rubber Research _c1995 |
||
| 300 | _a14-25 | ||
| 520 | _aThis investigation describes cavitation behaviour in bonded rubber cylinders subjected to different loading schedules in tension. Three natural rubber vulcanisates have been studied. The effect of carbon black on cavitation behaviour is examined. It is shown that repeated cycling can alter the cavitation failure stress when compared to that of a single cycle. Some practical consequences of this finding are discussed with the mechanism of cavitation. | ||
| 650 | _aBonded Rubber Cylinders | ||
| 650 | _aCarbon black | ||
| 650 | _aCavitation | ||
| 650 | _aCycling | ||
| 942 | _cJS | ||
| 999 |
_c55237 _d55237 |
||